30 titres de chansons en P - Statistiques

Statistiques générales
  • Ce quiz a été pris 44 fois
  • Le résultat moyen est 11 sur 30
Statistiques - réponses
Hint Réponse % Correct
Stromae Papaoutai
90%
2 be 3 Partir un jour
78%
Dalida et Alain Delon Paroles paroles
68%
Patrick Bruel Place des grands hommes
63%
Lady Gaga Poker face
61%
Prince Purple rain
61%
Ed Sheeran Perfect
56%
Céline Dion Pour que tu m'aimes encore
56%
Francis Cabrel Petite Marie
51%
Isabelle Adjani Pull marine
51%
Santa Popcorn salé
46%
Aya Nakamura Pookie
44%
Fatal Bazooka Parle à ma main
41%
Michel Delpech Pour un flirt
41%
Corneille Parce qu'on vient de loin
34%
Lâam Petite soeur
34%
Slimane Paname
32%
Coldplay Paradise
27%
Isabelle Boulay Parle-moi
24%
Black eyes peas Pump it
22%
Mylène Farmer Pourvu qu'elles soient douces
20%
Jean-Jacques Goldman Puisque tu pars
20%
Dua Lipa Physical
17%
Bandolero Paris latino
15%
Stevie Wonder Part-time lover
12%
Tina Turner Proud mary
12%
Axellel Red Parce que c'est toi
7%
Louane Pardonne-moi
7%
Kaolin Partons vite
7%
Calogero Prendre racine
5%
Aucun quiz correspondant
Distribution des résultats
% des personnes avec chaque résultat
Percentile par nombre de réponses
Votre historique - résultats
Vous n’avez pas pris ce quiz